00385nam a2200145Ia 4500008004100000020001500041041001200056082001600068100001800084245007400102260002500176300000800201650001400209700001600223221030s9999 xx 000 0 und d a0074631136 aEnglish a105.23bTre aJ. P. Trembly 0aDiscrete Mathematical Structures With Application to Computer Science bTMHaNew Delhic2003 a606 aComputers aR. Manoharr